Vlastivedný zborník Považia 14 /
Uložené v:
| Médium: | Kniha |
|---|---|
| Jazyk: | Slovak |
| Vydané: |
Martin :
Osveta,
1980.
|
| Vydanie: | 1. vyd. |
| Fyzický popis: |
279 s. |
| Tagy: |
Pridať tag
Žiadne tagy, Buďte prvý kto otaguje tento záznam!
|
Titul je dostupný aj v ... 

MARC
| LEADER | 00000nam a2200000 a 4500 | ||
|---|---|---|---|
| 001 | 000171871 | ||
| 005 | 20120610193343.0 | ||
| 008 | 020404 1980 xo slo d | ||
| 040 | |a SVKKK |b slo |c SVKKK |e AACR2 | ||
| 041 | 0 | |a slo | |
| 044 | |a xo |c SK | ||
| 245 | 1 | 0 | |a Vlastivedný zborník Považia |n 14 / |c Milan Badik ... [et al.]. |
| 250 | |a 1. vyd. | ||
| 260 | |a Martin : |b Osveta, |c 1980. | ||
| 300 | |a 279 s. | ||
| 910 | |a svkkk | ||
| 910 | |a svkkk | ||
| 998 | |a BK | ||
| 090 | |g SCKHL |k Sklad Pribinova 1. posch. |a IV.114405 |j 637407 |i 2720196764 |s Absenčne | ||